[Event "Svetla nad Sazavou Mares Memorial"]
[Site "Svetla nad Sazavou"]
[Date "2023.12.29"]
[Round "5"]
[White "Vecera, Pavel"]
[Black "Zednicek, Filip"]
[Result "0-1"]
[WhiteElo "2102"]
[BlackElo "1854"]
[PlyCount "94"]
[EventDate "2023.12.29"]
[EventType "swiss"]
[EventRounds "9"]
[EventCountry "CZE"]
[SourceTitle "CB02_2024"]
[SourceDate "2024.01.10"]
[SourceVersion "1"]
[SourceVersionDate "2024.01.10"]
[SourceQuality "1"]

1. d4 d5 2. c4 e6 3. Nc3 c5 4. cxd5 cxd4 5. Qxd4 Nc6 6. Qd1 exd5 7. Nf3 Be6 8. g3 Nf6 9. Bg2 Bb4 10. 0-0 0-0 11. Nb5 Qd7 12. a3 Be7 13. Nbd4 Bh3 14. b4 Bxg2 15. Kxg2 Ne4 16. Bb2 a5 17. b5 Na7 18. a4 Nc8 19. Ne5 Qd8 20. Rc1 Ncd6 21. Ndf3 Nc4 22. Nxc4 dxc4 23. Rxc4 Nc5 24. Qc2 b6 25. Rd1 Qc7 26. Nd4 Qb7+ 27. Nc6 Rfe8 28. f3 Bf8 29. e4 Re6 30. Rd5 Rh6 31. Rcd4 Ne6 32. Rd1 Qc8 33. Be5 Ng5 34. g4 Ne6 35. Bg3 Qe8 36. Nd4 Nc5 37. Nf5 Re6 38. R1d4 g6 39. Nd6 Qe7 40. e5 Bg7 41. f4 h5 42. g5 h4 43. Bxh4 Bxe5 44. fxe5 Rxe5 45. Rxe5 Qxe5 46. Qc4 Ne6 47. Qd5 Nf4+ 0-1

[Event "CZE-ch Betsys Online Blitz"]
[Site "Chess.com INT"]
[Date "2021.04.17"]
[Round "11"]
[White "Oresky, Jan"]
[Black "Vecera, Pavel"]
[Result "0-1"]
[WhiteElo "2245"]
[BlackElo "2099"]
[PlyCount "64"]
[EventDate "2021.04.17"]
[EventType "swiss (blitz)"]
[EventRounds "13"]
[EventCountry "CZE"]
[SourceTitle "CBM 201 Extra"]
[Source "ChessBase"]
[SourceDate "2021.05.31"]
[SourceVersion "1"]
[SourceVersionDate "2021.05.31"]
[SourceQuality "1"]

1. e4 c5 2. Nf3 Nc6 3. d4 cxd4 4. Nxd4 Nf6 5. Nc3 d6 6. Bg5 e6 7. Qd2 a6 8. 0-0-0 Bd7 9. f3 Be7 10. g4 Nxd4 11. Qxd4 Qc7 12. Kb1 Rc8 13. h4 b5 14. a3 e5 15. Qd2 Be6 16. Bxf6 gxf6 17. Nd5 Qc5 18. Be2 h5 19. gxh5 Rxh5 20. f4 Rh8 21. f5 Bxd5 22. exd5 Bf8 23. h5 Bh6 24. Qd3 Ke7 25. Qb3 Rhg8 26. Bd3 Rg3 27. Qb4 Qxb4 28. axb4 Rcg8 29. Rdf1 R8g4 30. Re1 Rxb4 31. Re2 Rbg4 32. Rd1 Rg1 0-1

[Event "CZE-ch Betsys Online Blitz"]
[Site "Chess.com INT"]
[Date "2021.04.17"]
[Round "6"]
[White "Vecera, Pavel"]
[Black "Mica, Marek"]
[Result "1/2-1/2"]
[WhiteElo "2099"]
[BlackElo "2274"]
[PlyCount "100"]
[EventDate "2021.04.17"]
[EventType "swiss (blitz)"]
[EventRounds "13"]
[EventCountry "CZE"]
[SourceTitle "CBM 201 Extra"]
[Source "ChessBase"]
[SourceDate "2021.05.31"]
[SourceVersion "1"]
[SourceVersionDate "2021.05.31"]
[SourceQuality "1"]

1. e4 c6 2. d4 d5 3. exd5 cxd5 4. c4 Nf6 5. Nc3 Nc6 6. Bg5 dxc4 7. Bxc4 e6 8. Nf3 Bb4 9. 0-0 h6 10. Bh4 Bxc3 11. bxc3 0-0 12. Re1 a6 13. Qd3 b5 14. Bb3 g6 15. Rad1 Kg7 16. d5 exd5 17. Bxd5 Bf5 18. Qd2 Rc8 19. c4 bxc4 20. Qc3 g5 21. Nxg5 hxg5 22. Bxg5 Nb8 23. Bxf7 Qb6 24. Bd5 Rce8 25. Qg3 Bg6 26. Rxe8 Rxe8 27. Bxc4 Nbd7 28. Bf1 Ne5 29. h4 Nf7 30. Bxf6+ Kxf6 31. Qc3+ Ne5 32. Kh2 Kf7 33. Bc4+ Nxc4 34. Qxc4+ Kf8 35. Qf4+ Kg8 36. g4 Qb8 37. Qxb8 Rxb8 38. Rd6 Bf7 39. Rxa6 Rb2 40. Kg3 Bxa2 41. Ra7 Bd5 42. g5 Bf7 43. Kf4 Rb4+ 44. Ke5 Rxh4 45. f4 Rg4 46. Kf5 Rh4 47. g6 Bxg6+ 48. Kxg6 Rxf4 49. Ra8+ Rf8 50. Rxf8+ Kxf8 1/2-1/2

[Event "CZE-chT2D 1920"]
[Site "Czech Republic"]
[Date "2020.02.09"]
[Round "8.1"]
[White "Vecera, Pavel"]
[Black "Kratky, Josef"]
[Result "1/2-1/2"]
[WhiteElo "2151"]
[BlackElo "2056"]
[PlyCount "46"]
[EventDate "2019.10.13"]
[EventType "team-tourn"]
[EventRounds "11"]
[EventCountry "CZE"]
[SourceTitle "EXT 2024"]
[Source "ChessBase"]
[SourceDate "2023.10.10"]
[SourceVersion "1"]
[SourceVersionDate "2023.10.10"]
[SourceQuality "1"]
[WhiteTeam "Zdar nad Sazavou"]
[BlackTeam "Lanskroun"]
[WhiteTeamCountry "CZE"]
[BlackTeamCountry "CZE"]

1. e4 e6 2. d4 d5 3. Nc3 dxe4 4. Nxe4 Nd7 5. Nf3 Ngf6 6. Bd3 Nxe4 7. Bxe4 Nf6 8. Bd3 c5 9. 0-0 cxd4 10. Bb5+ Bd7 11. Bxd7+ Qxd7 12. Qxd4 Qxd4 13. Nxd4 a6 14. c4 Rc8 15. b3 Bc5 16. Bb2 0-0 17. Rad1 Rfd8 18. Rfe1 Rd7 19. Nf3 Rcd8 20. Rxd7 Rxd7 21. Bxf6 gxf6 22. Kf1 Kf8 23. Ke2 Ke7 1/2-1/2

[Event "CZE-chT2D 1920"]
[Site "Czech Republic"]
[Date "2020.01.12"]
[Round "6.1"]
[White "Vecera, Pavel"]
[Black "Cerveny, Petr"]
[Result "0-1"]
[WhiteElo "2151"]
[BlackElo "2330"]
[PlyCount "82"]
[EventDate "2019.10.13"]
[EventType "team-tourn"]
[EventRounds "11"]
[EventCountry "CZE"]
[SourceTitle "EXT 2024"]
[Source "ChessBase"]
[SourceDate "2023.10.10"]
[SourceVersion "1"]
[SourceVersionDate "2023.10.10"]
[SourceQuality "1"]
[WhiteTeam "Zdar nad Sazavou"]
[BlackTeam "Policka Stefanydes"]
[WhiteTeamCountry "CZE"]
[BlackTeamCountry "CZE"]

1. e4 c5 2. Nf3 d6 3. d4 cxd4 4. Nxd4 Nf6 5. Nc3 a6 6. Be3 e5 7. Nf3 Be7 8. Bc4 0-0 9. 0-0 Nc6 10. a4 Be6 11. Qe2 Rc8 12. Bd5 Nb4 13. Bxe6 fxe6 14. Ng5 Qd7 15. f4 exf4 16. Bxf4 e5 17. Bg3 Qg4 18. Qxg4 Nxg4 19. Rxf8+ Rxf8 20. Ne6 Rc8 21. Rf1 h6 22. h3 Nf6 23. h4 Rc4 24. Rf3 Nxe4 25. Nxe4 Rxe4 26. Rb3 Kf7 27. Nc7 Rc4 28. c3 Rxc7 29. Rxb4 Ke6 30. Rg4 d5 31. Bf2 Bf6 32. Rb4 h5 33. Rb6+ Kf5 34. Rd6 Ke4 35. a5 d4 36. cxd4 exd4 37. Re6+ Kd3 38. Bg3 Rc1+ 39. Kh2 Rc6 40. Re8 Kc2 41. Rb8 d3 0-1

[Event "Trebic Highlands op 12th"]
[Site "Trebic"]
[Date "2018.09.27"]
[Round "6"]
[White "Vincze, Roman"]
[Black "Vecera, Pavel"]
[Result "1-0"]
[WhiteElo "2097"]
[BlackElo "2153"]
[PlyCount "161"]
[EventDate "2018.09.22"]
[EventType "swiss"]
[EventRounds "9"]
[EventCountry "CZE"]
[SourceTitle "CBM 186 Extra"]
[Source "ChessBase"]
[SourceDate "2018.08.24"]
[SourceVersion "1"]
[SourceVersionDate "2018.08.24"]
[SourceQuality "1"]

1. d4 d5 2. Nf3 c5 3. c3 e6 4. Bf4 Nc6 5. e3 Nf6 6. Nbd2 Be7 7. h3 0-0 8. Bd3 b6 9. 0-0 Bb7 10. Qe2 Re8 11. Rad1 Nh5 12. Bh2 g6 13. Rfe1 Bf6 14. Ne5 Nxe5 15. Bxe5 Bxe5 16. dxe5 Qc7 17. f4 Rad8 18. g4 Ng7 19. Qf2 Rf8 20. Qh4 d4 21. exd4 cxd4 22. c4 Ne8 23. Be4 Bc8 24. b3 f6 25. Bg2 fxe5 26. fxe5 d3 27. Qg5 Rd4 28. Rf1 Rxf1+ 29. Rxf1 Bb7 30. Bxb7 Qxb7 31. Qe3 Rd8 32. Qf3 Qxf3 33. Nxf3 Nc7 34. Rd1 b5 35. Kf2 bxc4 36. bxc4 Na6 37. a3 h5 38. gxh5 gxh5 39. Ke3 Nc5 40. Ne1 Kg7 41. Nxd3 Kh6 42. h4 Na4 43. Rf1 Nb6 44. Rf6+ Kg7 45. Nb2 Nd7 46. Rxe6 Kf7 47. Rd6 Ke7 48. Rd5 Rg8 49. Nd3 Rg3+ 50. Kd2 Rg4 51. c5 Rxh4 52. Kc3 Re4 53. Rd4 Rxd4 54. Kxd4 h4 55. Nf4 Nb8 56. Kd5 Kd7 57. e6+ Kc7 58. Ke5 Nc6+ 59. Kf6 Kd8 60. Nh3 a5 61. a4 Ke8 62. Nf4 Kd8 63. Kf7 Ne7 64. Kf8 Nc6 65. Nh3 Ne7 66. Kg7 Ke8 67. Kf6 Nc6 68. Ng5 Kf8 69. Nh3 Ke8 70. Ng5 Kd8 71. Kf5 Ke8 72. Ke4 Ke7 73. Kd5 Nb4+ 74. Kc4 h3 75. Nxh3 Kxe6 76. Nf4+ Kd7 77. Kb5 Nc6 78. Kb6 Nd4 79. Nd5 Ke6 80. Ne3 Kd7 81. Nc4 1-0

[Event "CZE-chT2D 1718"]
[Site "Czech Republic"]
[Date "2017.11.19"]
[Round "3.1"]
[White "Buchnicek, Petr"]
[Black "Vecera, Pavel"]
[Result "1/2-1/2"]
[WhiteElo "2329"]
[BlackElo "2136"]
[PlyCount "84"]
[EventDate "2017.10.15"]
[EventType "team-tourn"]
[EventRounds "11"]
[EventCountry "CZE"]
[SourceTitle "EXT 2022"]
[Source "ChessBase"]
[SourceDate "2021.10.06"]
[SourceVersion "1"]
[SourceVersionDate "2021.10.06"]
[SourceQuality "1"]
[WhiteTeam "Dalesice Pivovar"]
[BlackTeam "Zdar nad Sazavou"]
[WhiteTeamCountry "CZE"]
[BlackTeamCountry "CZE"]

1. e4 c5 2. Nf3 Nc6 3. c3 d5 4. exd5 Qxd5 5. d4 cxd4 6. cxd4 e5 7. Nc3 Bb4 8. Bd2 Bxc3 9. Bxc3 e4 10. Ne5 Nxe5 11. dxe5 Ne7 12. Qc2 0-0 13. Rd1 Qxa2 14. Qxe4 Bf5 15. Qc4 Qxc4 16. Bxc4 Rac8 17. Bb3 Be6 18. Bxe6 fxe6 19. Rd7 Nd5 20. Rxb7 Nxc3 21. bxc3 Rxc3 22. 0-0 Rf7 23. Rb8+ Rf8 24. Rb7 Rf7 25. Rb8+ Rf8 26. Rxf8+ Kxf8 27. Ra1 Rc5 28. f4 a5 29. Kf2 Kf7 30. Kf3 h5 31. h3 Rc3+ 32. Kf2 Rc4 33. Ke3 a4 34. Rb1 Rc3+ 35. Kd4 Rb3 36. Rc1 a3 37. Rc7+ Kg6 38. g4 Rb4+ 39. Ke3 Ra4 40. Rc1 a2 41. Ra1 h4 42. Kf3 Ra3+ 1/2-1/2

[Event "CZE-chT2D 1718"]
[Site "Czech Republic"]
[Date "2017.11.05"]
[Round "2.1"]
[White "Vecera, Pavel"]
[Black "Malivanek, Jiri"]
[Result "1-0"]
[WhiteElo "2136"]
[BlackElo "2077"]
[PlyCount "81"]
[EventDate "2017.10.15"]
[EventType "team-tourn"]
[EventRounds "11"]
[EventCountry "CZE"]
[SourceTitle "EXT 2022"]
[Source "ChessBase"]
[SourceDate "2021.10.06"]
[SourceVersion "1"]
[SourceVersionDate "2021.10.06"]
[SourceQuality "1"]
[WhiteTeam "Zdar nad Sazavou"]
[BlackTeam "Pardubice Eurobit"]
[WhiteTeamCountry "CZE"]
[BlackTeamCountry "CZE"]

1. e4 e6 2. d4 d5 3. Nd2 Nf6 4. e5 Nfd7 5. f4 c5 6. Ngf3 Nc6 7. Nb3 c4 8. Nbd2 b5 9. Be2 Qb6 10. Nf1 Be7 11. Ne3 g6 12. 0-0 f5 13. c3 Nf8 14. b3 a6 15. Kh1 Bb7 16. bxc4 bxc4 17. Qc2 Na5 18. Rb1 Qc7 19. Bd2 Bc6 20. Be1 h6 21. g4 Rb8 22. Rxb8+ Qxb8 23. gxf5 gxf5 24. Bh4 Ng6 25. Nxf5 exf5 26. Qxf5 Nxh4 27. Nxh4 Bxh4 28. Qh5+ Kd7 29. Qxh4 Qd8 30. Qg4+ Kc7 31. Qg7+ Kb8 32. f5 Nb7 33. f6 Bd7 34. f7 Rf8 35. Rf6 Qe7 36. e6 Ba4 37. Rxh6 Nd8 38. Qe5+ Ka7 39. Bf3 Nxf7 40. exf7 Qxf7 41. Rf6 1-0

[Event "CZE-chT2D 1617"]
[Site "Czech Republic"]
[Date "2017.03.19"]
[Round "10.1"]
[White "Jirasek, Pavel"]
[Black "Vecera, Pavel"]
[Result "0-1"]
[WhiteElo "2315"]
[BlackElo "2127"]
[PlyCount "100"]
[EventDate "2016.10.09"]
[EventType "team-tourn"]
[EventRounds "11"]
[EventCountry "CZE"]
[SourceTitle "EXT 2022"]
[Source "ChessBase"]
[SourceDate "2021.10.06"]
[SourceVersion "1"]
[SourceVersionDate "2021.10.06"]
[SourceQuality "1"]
[WhiteTeam "Lipa"]
[BlackTeam "Zdar nad Sazavou"]
[WhiteTeamCountry "CZE"]
[BlackTeamCountry "CZE"]

1. e4 c5 2. Nf3 d6 3. c3 Nf6 4. Bd3 Nc6 5. Bc2 Qc7 6. 0-0 Bg4 7. d3 e5 8. Nbd2 Be7 9. h3 Bh5 10. Re1 0-0 11. Nf1 d5 12. Ng3 Bg6 13. Nh4 Rad8 14. Qf3 Nxe4 15. dxe4 Bxh4 16. exd5 Bxc2 17. dxc6 bxc6 18. Be3 Bxg3 19. Qxg3 Qd6 20. Rac1 Bd3 21. b4 cxb4 22. cxb4 Rfe8 23. Bxa7 f5 24. Bb6 Rb8 25. Bc5 Qd5 26. Rcd1 e4 27. a4 Ra8 28. a5 Re6 29. a6 Rg6 30. Qf4 e3 31. f3 Qa2 32. Qh2 Qf2+ 33. Kh1 Be2 34. a7 f4 35. Qg1 Qxg1+ 36. Kxg1 Bxf3 37. Rd7 Rxg2+ 38. Kf1 e2+ 39. Rxe2 Rxe2 40. Bd4 Ree8 41. Rxg7+ Kf8 42. Rxh7 Bd5 43. h4 Bf7 44. h5 Rad8 45. Bb6 Rd2 46. Rh8+ Bg8 47. h6 Ke7 48. Ke1 Rh2 49. Bd4 Kd7+ 50. Kf1 f3 0-1

[Event "CZE-chT2D 1617"]
[Site "Czech Republic"]
[Date "2017.01.15"]
[Round "6.1"]
[White "Vecera, Pavel"]
[Black "Trhal, Tomas"]
[Result "0-1"]
[WhiteElo "2127"]
[BlackElo "2115"]
[PlyCount "102"]
[EventDate "2016.10.09"]
[EventType "team-tourn"]
[EventRounds "11"]
[EventCountry "CZE"]
[SourceTitle "EXT 2022"]
[Source "ChessBase"]
[SourceDate "2021.10.06"]
[SourceVersion "1"]
[SourceVersionDate "2021.10.06"]
[SourceQuality "1"]
[WhiteTeam "Zdar nad Sazavou"]
[BlackTeam "Vysoke Myto"]
[WhiteTeamCountry "CZE"]
[BlackTeamCountry "CZE"]

1. e4 g6 2. d4 Nf6 3. Nc3 d5 4. e5 Nh5 5. Be2 Ng7 6. Bh6 c6 7. Qd2 b5 8. Nf3 Bg4 9. Ng5 Bxe2 10. Nxe2 Qd7 11. Qf4 e6 12. Qf6 Rg8 13. Nxh7 Nh5 14. Nxf8 Nxf6 15. Nxd7 Nfxd7 16. f4 c5 17. 0-0 Nc6 18. c3 0-0-0 19. Bg5 Rde8 20. dxc5 Nxc5 21. Nd4 Kd7 22. b3 a6 23. Nxc6 Kxc6 24. Rac1 Ne4 25. h4 Rh8 26. Rfd1 Nxg5 27. hxg5 Rd8 28. Kf2 Kc5 29. Ke3 Rh2 30. Rc2 Rdh8 31. Rdd2 R8h7 32. Kf3 Rh1 33. Rd4 Rf1+ 34. Ke2 Rhh1 35. a4 Rhg1 36. axb5 axb5 37. Ke3 Re1+ 38. Kf2 Rgf1+ 39. Kg3 Re3+ 40. Kg4 Ra1 41. Rb4 Rd1 42. Rd4 Rxd4 43. cxd4+ Kxd4 44. Rc7 Ke4 45. Rxf7 d4 46. Rd7 Rxb3 47. Kh4 d3 48. Kg4 Rb4 49. f5 exf5+ 50. Kg3 Ke3 51. e6 Re4 0-1

[Event "CZE-ch op"]
[Site "Havlickuv Brod"]
[Date "2015.05.23"]
[Round "9"]
[White "Vecera, Pavel"]
[Black "Beranek, Ondrej"]
[Result "1/2-1/2"]
[WhiteElo "2153"]
[BlackElo "1875"]
[PlyCount "86"]
[EventDate "2015.05.16"]
[EventType "swiss"]
[EventRounds "9"]
[EventCountry "CZE"]
[SourceTitle "CBM 166 Extra"]
[Source "ChessBase"]
[SourceDate "2015.06.18"]
[SourceVersion "1"]
[SourceVersionDate "2015.06.18"]
[SourceQuality "1"]

1. e4 e5 2. Nf3 Nc6 3. Bb5 a6 4. Ba4 Nf6 5. 0-0 b5 6. Bb3 Be7 7. Re1 0-0 8. d4 d6 9. c3 Bg4 10. Be3 Na5 11. Bc2 Nc4 12. Bc1 Re8 13. b3 Nb6 14. h3 Bh5 15. Nbd2 Bf8 16. d5 c5 17. a4 Qc7 18. Bb2 bxa4 19. bxa4 Rab8 20. Ra2 Rec8 21. a5 Nbd7 22. Nc4 h6 23. Qd3 Bg6 24. Nfd2 Nh5 25. Ba4 Nf4 26. Qf1 Rd8 27. Bc6 Nf6 28. g3 N4h5 29. Nb6 Qa7 30. Kh2 Nh7 31. Ndc4 Ng5 32. f3 Be7 33. Bc1 Nh7 34. Rg2 N7f6 35. Qe2 Kh8 36. g4 Nf4 37. Bxf4 exf4 38. Qd2 Nh7 39. Qxf4 Bg5 40. Qg3 Qe7 41. Rf1 Bh4 42. Qf4 Bg5 43. Qg3 Qa7 1/2-1/2

[Event "CZE-chT2D 1415"]
[Site "Czech Republic"]
[Date "2015.03.15"]
[Round "9.1"]
[White "Hrabusa, Matej"]
[Black "Vecera, Pavel"]
[Result "1/2-1/2"]
[WhiteElo "2295"]
[BlackElo "2207"]
[PlyCount "101"]
[EventDate "2014.11.02"]
[EventType "team-tourn"]
[EventRounds "11"]
[EventCountry "CZE"]
[SourceTitle "EXT 2022"]
[Source "ChessBase"]
[SourceDate "2021.10.06"]
[SourceVersion "1"]
[SourceVersionDate "2021.10.06"]
[SourceQuality "1"]
[WhiteTeam "Polabiny II"]
[BlackTeam "Zdar nad Sazavou"]
[WhiteTeamCountry "CZE"]
[BlackTeamCountry "CZE"]

1. e4 c5 2. Nf3 d6 3. d4 cxd4 4. Nxd4 Nf6 5. Nc3 Nc6 6. Bg5 e6 7. Qd2 a6 8. 0-0-0 Bd7 9. f3 Rc8 10. Kb1 Be7 11. Be3 b5 12. Nxc6 Bxc6 13. Ne2 d5 14. e5 Nd7 15. f4 0-0 16. Nd4 Nc5 17. g4 Ne4 18. Qg2 Qc7 19. Bd3 b4 20. Qh3 Ba4 21. Rhe1 a5 22. Bc1 Bc5 23. Nf3 h6 24. g5 Nf2 25. Qg2 h5 26. g6 Nxd3 27. Rxd3 Bf2 28. c3 Bxe1 29. Nxe1 bxc3 30. Rxc3 Qe7 31. Rg3 fxg6 32. Rxg6 Qf7 33. Rg5 Bd1 34. f5 exf5 35. b3 Rxc1+ 36. Kxc1 Bg4 37. h3 Rc8+ 38. Kb1 Qc7 39. Qd2 Bxh3 40. Rxh5 Bg4 41. Qxd5+ Kf8 42. Rh8+ Ke7 43. Rxc8 Qxc8 44. Nd3 Qc7 45. Nf4 Qb6 46. Qc4 Bf3 47. Kb2 g5 48. Nh3 Qe3 49. Qc7+ Ke8 50. Qc8+ Ke7 51. Qc7+ 1/2-1/2

[Event "CZE-chT2D 1415"]
[Site "Czech Republic"]
[Date "2015.01.11"]
[Round "5.1"]
[White "Cerveny, Petr"]
[Black "Vecera, Pavel"]
[Result "1/2-1/2"]
[WhiteElo "2294"]
[BlackElo "2207"]
[PlyCount "89"]
[EventDate "2014.11.02"]
[EventType "team-tourn"]
[EventRounds "11"]
[EventCountry "CZE"]
[SourceTitle "EXT 2022"]
[Source "ChessBase"]
[SourceDate "2021.10.06"]
[SourceVersion "1"]
[SourceVersionDate "2021.10.06"]
[SourceQuality "1"]
[WhiteTeam "Policka Stefanydes"]
[BlackTeam "Zdar nad Sazavou"]
[WhiteTeamCountry "CZE"]
[BlackTeamCountry "CZE"]

1. b3 e6 2. c4 Nf6 3. Nf3 b6 4. g3 Bb7 5. Bg2 Be7 6. 0-0 0-0 7. Bb2 d5 8. e3 Nbd7 9. Nc3 c5 10. Qe2 Ne4 11. Rfd1 Bf6 12. d4 Nxc3 13. Bxc3 Qe7 14. Ne5 g6 15. Rac1 Rfd8 16. cxd5 exd5 17. Nxd7 Rxd7 18. dxc5 Bxc3 19. c6 Bxc6 20. Rxc3 Qe6 21. Rd4 Rad8 22. h4 Rd6 23. Qd1 Qd7 24. Rcd3 f5 25. Rd2 Qe6 26. h5 Kg7 27. hxg6 hxg6 28. g4 Qe5 29. R2d3 fxg4 30. Qxg4 Rh8 31. Qf4 Qxf4 32. Rxf4 Rhd8 33. Rfd4 Kf6 34. Rd2 g5 35. Bf3 Ke5 36. Kg2 Be8 37. Kg3 Bg6 38. Rd1 Bf5 39. Bg2 Be6 40. Rh1 Rc6 41. Rh7 a5 42. Rb7 Rf8 43. Rd2 Rd6 44. Bf3 g4 45. Bg2 1/2-1/2

[Event "CZE-chT2D 1314"]
[Site "Czech Republic"]
[Date "2014.01.05"]
[Round "5.1"]
[White "Vecera, Pavel"]
[Black "Smajzr, Martin"]
[Result "1-0"]
[WhiteElo "2215"]
[BlackElo "2202"]
[PlyCount "67"]
[EventDate "2013.11.03"]
[EventType "team-tourn"]
[EventRounds "11"]
[EventCountry "CZE"]
[SourceTitle "EXT 2016"]
[Source "ChessBase"]
[SourceDate "2015.10.08"]
[SourceVersion "1"]
[SourceVersionDate "2015.10.08"]
[SourceQuality "1"]
[WhiteTeam "Havlickuv Brod"]
[BlackTeam "Usti nad Orlici"]
[WhiteTeamCountry "CZE"]
[BlackTeamCountry "CZE"]

1. e4 Nf6 2. e5 Nd5 3. d4 d6 4. Nf3 Bg4 5. Be2 e6 6. 0-0 Be7 7. c4 Nb6 8. Nc3 0-0 9. Be3 Nc6 10. exd6 cxd6 11. d5 Bxf3 12. Bxf3 Ne5 13. b3 Nxf3+ 14. Qxf3 e5 15. a4 a6 16. Rfd1 Nd7 17. c5 Rc8 18. cxd6 Bxd6 19. Ne4 Qe7 20. Qf5 Bb4 21. d6 Qe6 22. Qxe6 fxe6 23. Rac1 Rc6 24. Rxc6 bxc6 25. Kf1 h6 26. Ke2 Kf7 27. Rc1 Rc8 28. Kd3 Ke8 29. Rc4 Ba5 30. Nc5 Nxc5+ 31. Bxc5 Bd8 32. Rb4 Bf6 33. Rb7 Ra8 34. d7+ 1-0

[Event "Zdar nad Sazavou Vysocina op 8th"]
[Site "Zdar nad Sazavou"]
[Date "2011.09.29"]
[Round "7"]
[White "Paldus, Petr"]
[Black "Vecera, Pavel"]
[Result "0-1"]
[WhiteElo "2046"]
[BlackElo "2203"]
[PlyCount "116"]
[EventDate "2011.09.24"]
[EventType "swiss"]
[EventRounds "9"]
[EventCountry "CZE"]
[SourceTitle "CBM 144 Extra"]
[Source "ChessBase"]
[SourceDate "2011.10.28"]
[SourceVersion "1"]
[SourceVersionDate "2011.10.28"]
[SourceQuality "1"]

1. d4 Nf6 2. c4 g6 3. Nc3 Bg7 4. Nf3 0-0 5. e4 d6 6. Be2 e5 7. dxe5 dxe5 8. Qxd8 Rxd8 9. Bg5 Re8 10. 0-0-0 Bg4 11. h3 Bxf3 12. Bxf3 Nc6 13. Nb5 Re7 14. Nc3 Nd4 15. Bxf6 Bxf6 16. Nd5 Bg5+ 17. Kb1 Rd7 18. h4 Bd8 19. h5 c6 20. Ne3 Bf6 21. Rd3 Rdd8 22. Rhd1 Nxf3 23. gxf3 gxh5 24. Rg1+ Kf8 25. Rb3 Rd7 26. Rh1 h4 27. Ng4 Ke7 28. Nxf6 Kxf6 29. Rxh4 Rad8 30. a4 Rh8 31. f4 exf4 32. Rxf4+ Ke5 33. Rh4 h5 34. Rf3 b6 35. Rf5+ Kd4 36. Kc2 Kxc4 37. e5+ Kd5 38. Rfxh5 Rxh5 39. Rxh5 Re7 40. f4 Ke4 41. a5 Kxf4 42. axb6 axb6 43. Rh6 Rxe5 44. Kd3 Re6 45. Rh1 f5 46. Rf1+ Ke5 47. Ke3 Rh6 48. Rc1 Rh3+ 49. Kf2 c5 50. b4 cxb4 51. Rc6 Kd4 52. Rxb6 Kc3 53. Rb5 b3 54. Rc5+ Kb4 55. Rc8 b2 56. Rb8+ Kc3 57. Rc8+ Kd2 58. Rb8 Kc2 0-1

[Event "Zdar nad Sazavou Vysocina op 8th"]
[Site "Zdar nad Sazavou"]
[Date "2011.09.27"]
[Round "4"]
[White "Balazec, Ludovit"]
[Black "Vecera, Pavel"]
[Result "1-0"]
[WhiteElo "2024"]
[BlackElo "2203"]
[PlyCount "87"]
[EventDate "2011.09.24"]
[EventType "swiss"]
[EventRounds "9"]
[EventCountry "CZE"]
[SourceTitle "CBM 144 Extra"]
[Source "ChessBase"]
[SourceDate "2011.10.28"]
[SourceVersion "1"]
[SourceVersionDate "2011.10.28"]
[SourceQuality "1"]

1. e4 c5 2. Nc3 Nc6 3. Nge2 Nf6 4. d4 cxd4 5. Nxd4 d6 6. Bg5 e6 7. Bb5 Bd7 8. Bxc6 bxc6 9. Qf3 e5 10. Nf5 Bxf5 11. Qxf5 Be7 12. 0-0-0 Rb8 13. Rd3 0-0 14. Rhd1 Qb6 15. b3 Qa5 16. Bxf6 Bxf6 17. Rh3 h6 18. Kb2 Bg5 19. Rxd6 Qc5 20. Rdd3 g6 21. Qf3 Rfd8 22. Qe2 Rd4 23. Rd1 Kg7 24. Rhd3 Be7 25. Nb1 Qa5 26. Rxd4 exd4 27. e5 Rd8 28. f4 Bb4 29. a3 Bc3+ 30. Ka2 Rd5 31. Nxc3 Qxc3 32. Rd3 Qc5 33. Qd2 a5 34. g4 a4 35. h4 axb3+ 36. cxb3 Rd8 37. Kb2 Qd5 38. Qc1 c5 39. Rd2 Rb8 40. Ka2 Qf3 41. f5 Qxg4 42. fxg6 fxg6 43. Qxc5 Rd8 44. Qe7+ 1-0

[Event "Zdar nad Sazavou Vysocina op 8th"]
[Site "Zdar nad Sazavou"]
[Date "2011.09.25"]
[Round "2"]
[White "Zamorsky, Ladislav"]
[Black "Vecera, Pavel"]
[Result "1/2-1/2"]
[WhiteElo "1757"]
[BlackElo "2203"]
[PlyCount "118"]
[EventDate "2011.09.24"]
[EventType "swiss"]
[EventRounds "9"]
[EventCountry "CZE"]
[SourceTitle "CBM 144 Extra"]
[Source "ChessBase"]
[SourceDate "2011.10.28"]
[SourceVersion "1"]
[SourceVersionDate "2011.10.28"]
[SourceQuality "1"]

1. d4 d5 2. c4 e6 3. g3 Nf6 4. Bg2 Be7 5. Nf3 0-0 6. 0-0 c5 7. dxc5 Bxc5 8. cxd5 exd5 9. Nc3 Nc6 10. a3 h6 11. b4 Bb6 12. Bb2 Be6 13. Nb5 Ne4 14. Rc1 Qe7 15. Nbd4 Rac8 16. Qd3 Rfd8 17. Rc2 Nxd4 18. Nxd4 Rxc2 19. Nxc2 Bf5 20. Nd4 Bg6 21. Qe3 Qf6 22. Rd1 Nd6 23. Qf3 Qxf3 24. Bxf3 Nc4 25. Bc1 Be4 26. Kg2 Ne5 27. Bf4 Bxd4 28. Bxe4 Nc6 29. Bf3 a6 30. Bxd5 Rxd5 31. e3 b5 32. exd4 Rxd4 33. Rxd4 Nxd4 34. Be5 Nc6 35. Bd6 f5 36. Bc5 Kf7 37. Kf3 g6 38. Ke3 Ke6 39. f4 Kd5 40. Kd3 h5 41. h4 a5 42. Bf8 a4 43. Bc5 Nb8 44. Be3 Nd7 45. Bd4 Nf8 46. Bg7 Ne6 47. Bf6 Nf8 48. Bg7 Nd7 49. Bd4 Nb8 50. Ba7 Nc6 51. Be3 Nd8 52. Bb6 Nf7 53. Bc7 Nh6 54. Bb6 Ng4 55. Bg1 Nf6 56. Bf2 Ne4 57. Be1 Nd6 58. Bd2 Nc4 59. Be1 Nd6 1/2-1/2

[Event "Zdar nad Sazavou Vysocina op 8th"]
[Site "Zdar nad Sazavou"]
[Date "2011.09.24"]
[Round "1"]
[White "Vecera, Pavel"]
[Black "Kirs, Pavel"]
[Result "1/2-1/2"]
[WhiteElo "2203"]
[BlackElo "1815"]
[PlyCount "58"]
[EventDate "2011.09.24"]
[EventType "swiss"]
[EventRounds "9"]
[EventCountry "CZE"]
[SourceTitle "CBM 144 Extra"]
[Source "ChessBase"]
[SourceDate "2011.10.28"]
[SourceVersion "1"]
[SourceVersionDate "2011.10.28"]
[SourceQuality "1"]

1. e4 e5 2. Nf3 Nc6 3. Bb5 Bc5 4. 0-0 Nge7 5. c3 Bb6 6. d4 exd4 7. cxd4 d5 8. exd5 Nxd5 9. Re1+ Be6 10. Nc3 0-0 11. Bg5 Qd6 12. Qd2 f6 13. Bh4 Bf7 14. Bg3 Qd8 15. a3 Nce7 16. Ne4 Nf5 17. Nc5 Bxc5 18. dxc5 Nxg3 19. hxg3 c6 20. Bc4 Qd7 21. Rad1 Rfe8 22. Nd4 Rxe1+ 23. Qxe1 Re8 24. Qd2 Bh5 25. Be2 Bxe2 26. Nxe2 Qe7 27. Nf4 Nxf4 28. Qxf4 Qxc5 29. Rd7 Re7 1/2-1/2

[Event "Zdar nad Sazavou Vysocina op 7th"]
[Site "Zdar nad Sazavou"]
[Date "2010.09.29"]
[Round "6"]
[White "Vecera, Pavel"]
[Black "Smolik, Boris"]
[Result "1-0"]
[WhiteElo "2206"]
[BlackElo "1863"]
[PlyCount "63"]
[EventDate "2010.09.25"]
[EventType "swiss"]
[EventRounds "9"]
[EventCountry "CZE"]
[SourceTitle "CBM 138 Extra"]
[Source "ChessBase"]
[SourceDate "2010.10.29"]
[SourceVersion "1"]
[SourceVersionDate "2010.10.29"]
[SourceQuality "1"]

1. e4 e6 2. d4 d5 3. Nc3 dxe4 4. Nxe4 Nd7 5. Nf3 Ngf6 6. Nxf6+ Nxf6 7. Bd3 Be7 8. 0-0 0-0 9. Qe2 b6 10. b3 Bb7 11. Bb2 Nd5 12. Qe4 g6 13. Ne5 Rb8 14. Qf3 Nb4 15. Be4 Bxe4 16. Qxe4 Bd6 17. a3 Bxe5 18. dxe5 Na6 19. Rad1 Qe7 20. b4 c5 21. Rd6 cxb4 22. axb4 Rbd8 23. Rfd1 Nb8 24. h4 b5 25. R1d3 Rc8 26. Bc1 Rc4 27. R6d4 Rxd4 28. Qxd4 Rc8 29. Bg5 Qf8 30. Qxa7 Rxc2 31. Rd8 Rc1+ 32. Kh2 1-0